000 00569nam a22001697a 4500
003 NUST
082 _a621.312
_bMUH
100 _aMuhammad Saleh Waseem Abbasi (330240)
_9124867
245 _aThree Phase Grid Tied BESS Connected Solar PV System with Non-Linear Loads from the Perspective of Power Quality in Microgrid Paradigm /
264 _aIslamabad :
_bUSPCAS-E, NUST
_cJune, 2024.
300 _axviii, 53 p.
_e+CD
520 _aTH-573
650 _aMS EEP Thesis
650 _aMS Thesis
_918721
700 _aDr. Syed Ali Abbas Kazmi
_9117439
942 _2ddc
_cTHE
999 _c610652
_d610652